| 000 | 00870cam a2200205 4500 | ||
|---|---|---|---|
| 001 | ##L132007 | ||
| 008 | 051220n2001 000 0 eng u | ||
| 035 | _a(Sirsi) u132007 | ||
| 041 | 0 | _aeng | |
| 050 | 0 | 4 | _a690.0285425 $2 18 |
| 100 | 1 | _aAlshawi, Mustafa | |
| 245 | 0 | 4 | _aThe application of information technology in the management of construction |
| 260 |
_aLondon _bRICS _c2001 |
||
| 520 | _aOne of the main challenges facing the construction industry is how to improve the efficiency of the construction management process. This paper looks at the latest research which assesses the contribution that the effective use of information technology can make to meeting that challenge. | ||
| 520 | _aThis item is no longer available. | ||
| 690 |
_aConstruction management _96230 |
||
| 700 | 1 | _aUnderwood, Jason | |
| 710 | 2 |
_aNorwest Holt Ltd _94854 |
|
| 942 | _n0 | ||
| 999 |
_c104960 _d104960 |
||